| 000 | 00629nam a2200193Ia 4500 | ||
|---|---|---|---|
| 003 | GCL | ||
| 008 | 140319s9999 xx 000 0 ara d | ||
| 040 |
_aGCL / _cGCL |
||
| 082 | 0 | 4 |
_a155.7 _bع ت |
| 100 | 1 | _aعلاء الدين كفافى | |
| 245 | 1 | 0 |
_aالتنشئة التوالدية والامراض النفسية دراسة امبريقية كلينيكية / _cعلاء الدين كفافى |
| 260 |
_a[S.N] : _bهلا بوك شوب ، _c1989 |
||
| 300 | _a485 ص | ||
| 490 | _a | ||
| 650 | 0 | 4 | _aعلم النفس |
| 650 | 0 | 4 | _aعلم نفس النمو |
| 650 | 0 | 4 | _aعلم نفس السلوك |
| 942 |
_2ddc _cBK |
||
| 999 |
_c54832 _d54832 |
||